Państwa według podpowiedzi - litera D - Statystyki

Ogólne statystyki
  • Ten quiz został rozwiązany 42 razy
  • Średni wynik to 4 z 5
Statystyki odpowiedzi
Podpowiedź Państwo % Poprawnych
Możesz zostać obywatelem tego karaibskiego państwa za 100 tysięcy dolarów Dominika
94%
Największą wyspą tego państwa jest Zelandia Dania
89%
Krzysztof Kolumb nazwał wyspę na której leży to państwo "Hispaniola" Dominikana
86%
Zostało skolonizowane przez Belgię Demokratyczna Republika Konga
80%
Znajduje się tam najniższy punkt Afryki Dżibuti
77%
Nie znaleziono quizów pasujących do podanych kryteriów
Rozkład punktacji
Procent ludzi z każdym wynikiem
Percentyl według liczby udzielonych odpowiedzi
Twoja historia wyników
Nie rozwiązałeś tego quizu